000 00607nas a2200205 4500
001 BR9505538
003 BR-BrBNA
005 20231205094206.0
007 ta
008 230509b bl.|||p| |||| 00| 00por d
040 _aBR-BrBNA
_bpor
_cBiblioteca Nacional de Agricultura
041 _a(Pt)
072 _aN10
100 1 _aHatzfeld, G.H.
245 1 _aCoelheiras modernas de arame galvanizado
650 _aCoelheira
773 0 _tChacaras e Quintais. Agricultura e Pecuaria (Brazil)
_x
_g(Nov 1966), v. 114(5) p. 629-631
_wBR9505538
909 _a202311
_bLúcia
_c55
_dLúcia Elande
942 _2AGRIS
_n0
_cANA
999 _c142672
_d142672